| Registos Bibliográficos associados ao registo de autoridade |
|
Etiqueta de registo: 00000nkm 2200025 450 001 2256467 003 http://id.bnportugal.gov.pt/bib/catbnp/2256467 100 ## $a20260128f1986 m y0pory01030103ba 101 0# $apor 102 ## $aPT 200 1# $a1.º Concurso nacional dos jovens nas artes$bVisual gráfico]$fAssociação Nacional de Jovens Empresários$gDesign: Rui Guimarães 210 #9 $aPorto$cAssociação Nacional de Jovens Empresários,$d[posterior a 1986] 215 ## $a1 cartaz$ccolor.$d48,1x48,1 cm 306 ## $aDatação atribuída em conformidade com as designações institucionais 317 ## $aColeção Madeira Luís 675 ## $a766(=1:469)"198"(084.5)$vBN$zpor$31620221 702 #1 $93$aGuimarães,$bRui$31288005 710 02 $aConcurso Nacional dos Jovens nas Artes,$d1$31993640 711 02 $aAssociação Nacional de Jovens Empresários$3196904 801 #0 $aPT$bBN$gRPC 966 ## $lBN$mICONOG$sCT. 18361 A.$x3 971 ## $cCaticonografia9$d20260128 995 ## $aPRR2026 $d20260128$iCaticonografia9
|
|
|